000 01009nam a22002417a 4500
999 _c4990
_d4990
003 AR-CdUCM
008 190311b ||||| |||| 00| 0 spa d
040 _aMUNICIPALIDAD PROVINCIAL DEL CUSCO
_cBIBLIOTECA MUNICIPAL DEL CUSCO
082 _a980.57 /
_bG84
100 _aGuallart S. J. , José María
_93431
245 _aEntre Pongo y Cordillera :
_bHistoria de la etnia Aguaruna-Huambisa /
260 _aLima :
_bTalleres de Gráficos S.R. ;
_c1990.
300 _a258 páginas ;
_bMapas, ilustraciones
_c24cm
505 _aContenido: Los comienzos de la humanidad -- El marco de la evolución peruana -- Los comienzos de la agricultura y el mito de nunkui -- La organización de las tierras conquistadas...
650 _aEvolución cultura
_915276
650 _aEmancipación
_9260
650 _aSeñoríos
_915277
650 _aÉpoca inca
_911248
650 _aInvasión
_93715
710 _aCentro Amazónico de Antropología y Aplicación Práctica
_93434
942 _2ddc
_cLIBROS
945 _anom